| 000 | 00346nam a22001337a 4500 | ||
|---|---|---|---|
| 020 | _a0-201-02965-0 | ||
| 082 | _a658.1 HUS'B | ||
| 100 |
_aHUSE, EDGER,BOWDITCH, JAMES L _976310 |
||
| 245 | _aBEHAVIOR IN ORGANIZATIONS A SYSTEMS APPROACH TO MANAGING | ||
| 250 | _a2ND | ||
| 260 |
_aLONDON _bADDISON WESLEY _c1977 |
||
| 300 | _a495P | ||
| 942 | _cBK | ||
| 999 |
_c581703 _d581703 |
||